Biología y cultivo de los pectínidos de interés comercial de Colombia / (Registro nro. 7166)

Detalles MARC
000 -CABECERA
Campo de control 00995cam a2200265 i 4500
005 - FECHA Y HORA DE LA ULTIMA TRANSACCION
Campo de control 20160214092900.0
008 - ELEMENTOS DE LONGITUD FIJA—INFORMACION GENERAL
Campo de control 111216s2008 ck ado r 000 0 spa d
015 ## - NATIONAL BIBLIOGRAPHY NUMBER
National bibliography number SSS
020 ## - ISBN
ISBN 9588320658
020 ## - ISBN
ISBN 9789588320656
040 ## - FUENTE DE CATALOGACIÓN
Agencia catalogadora original CO-BoBLA
Agencia transcriptora CO-BoBLA
Agencia Modificadora CO-BoPUJ
-- CO-BoIAVH
041 0# - IDIOMA
Código de idioma para texto/pista de sonido o título separado Español
043 ## - GEOGRAPHIC AREA CODE
Geographic area code s-ck---
082 04 - NUMERO DE CLASIFICACION DECIMAL DEWEY
Número de clasificación 639.4
Número del ítem B61b
245 00 - MENCION DE TITULO
Título Biología y cultivo de los pectínidos de interés comercial de Colombia /
Mención de responsabilidad Luz Adriana Velasco Cifuentes, editor.
260 ## - PUBLICACION, DISTRIBUCION, ETC. (PIE DE IMPRENTA)
Lugar de publicación, distribución, etc. [Santa Marta] :
Nombre del editor, distribuidor, etc. Fondo de Publicaciones de la Universidad del Magdalena,
Fecha de publicación, distribución, etc. 2008.
300 ## - DESCRIPCION FISICA
Extensión 258 páginas :
Otros detalles físicos ilustraciones, diagramas, fotos, gráficas y tablas ;
Dimensiones 24 cm.
504 ## - NOTA DE BIBLIOGRAFIA, ETC.
Nota de bibliografía Incluye referencias bibliográficas.
650 14 - ASIENTO SECUNDARIO DE MATERIA - TERMINO TEMATICO
Término temático o nombre geográfico como elemento de entrada Bivalvos
Subdivisión geográfica Colombia
9 (RLIN) 59690
650 24 - ASIENTO SECUNDARIO DE MATERIA - TERMINO TEMATICO
Término temático o nombre geográfico como elemento de entrada Vieiras
Subdivisión geográfica Colombia
9 (RLIN) 59691
650 24 - ASIENTO SECUNDARIO DE MATERIA - TERMINO TEMATICO
Término temático o nombre geográfico como elemento de entrada Cultivo de bivalvos
Subdivisión geográfica Colombia
9 (RLIN) 59692
650 24 - ASIENTO SECUNDARIO DE MATERIA - TERMINO TEMATICO
Término temático o nombre geográfico como elemento de entrada Cultivo de vieiras
Subdivisión geográfica Colombia
9 (RLIN) 59693
700 1# - ASIENTO SECUNDARIO - NOMBRE PERSONAL
Nombre personal Velasco Cifuentes, Luz Adriana,
Término de relación editora.
9 (RLIN) 59694
942 ## - ELEMENTOS ADICIONALES (KOHA)
Sistema de clasificación Dewey Decimal Classification
Tipo de ítem Libro
Existencias
Withdrawn status Lost status Sistema de Clasificación Damaged status No para préstamo Colección Inventariado Ubicación Permanente Ubicación actual Fecha de adquisición Fuente de Valor Valor Total Checkouts Número topográfico Inventario / Código de Barras Date last seen Ejemplar Price effective from Tipo de material
    Dewey Decimal Classification     General Inventariado 2017 Bogotá Bogotá 14/02/2016 Instituto 39000.00   LB-639.4 B61b 027736 14/02/2016 Ej. 1 14/02/2016 Libro